000
00285nam a22001217a 4500
003
SGT
082
_a
200
_b
E92BCL
100
_a
BUTLER, DAVID
245
_a
ELECTIONEERING: A COMPARATIVE STUDY OF CONTINUITY
260
_b
CLARENDON PRESS OXFORD
_c
1992
300
_a
294
942
_2
ddc
_c
BK
999
_c
32079
_d
32079